Access to health / (Record no. 2452)

000 -LEADER
fixed length control field nam a22 a 4500
003 - CONTROL NUMBER IDENTIFIER
control field AKNAL
005 - DATE AND TIME OF LATEST TRANSACTION
control field 20170516152608.0
008 - FIXED-LENGTH DATA ELEMENTS--GENERAL INFORMATION
fixed length control field 170516s1988 nju 00 eng d
020 ## - INTERNATIONAL STANDARD BOOK NUMBER
International Standard Book Number 0130010251 (pbk)
040 ## - CATALOGING SOURCE
Original cataloging agency AKMAL
082 04 - DEWEY DECIMAL CLASSIFICATION NUMBER
Classification number 613 DON
090 ## - LOCALLY ASSIGNED LC-TYPE CALL NUMBER (OCLC); LOCAL CALL NUMBER (RLIN)
Classification number (OCLC) (R) ; Classification number, CALL (RLIN) (NR) 613
Local cutter number (OCLC) ; Book number/undivided call number, CALL (RLIN) DON
100 1# - MAIN ENTRY--PERSONAL NAME
Personal name Donatelle, Rebecca J.,
Dates associated with a name 1950-
9 (RLIN) 5075
245 1# - TITLE STATEMENT
Title Access to health /
Statement of responsibility, etc. Rebecca J. Donatelle, Lorraine G. Davis,Carolyn F. Hoover
260 ## - PUBLICATION, DISTRIBUTION, ETC.
Place of publication, distribution, etc. Englewood Cliffs, N.J. :
Name of publisher, distributor, etc. Prentice Hall,
Date of publication, distribution, etc. c1988.
300 ## - PHYSICAL DESCRIPTION
Extent xxiii, 577p. :
Other physical details ill. (some col.) ;
Dimensions 28cm.
504 ## - BIBLIOGRAPHY, ETC. NOTE
Bibliography, etc. note Includes bibliographies.
650 ## - SUBJECT ADDED ENTRY--TOPICAL TERM
Topical term or geographic name entry element Health
9 (RLIN) 2975
650 ## - SUBJECT ADDED ENTRY--TOPICAL TERM
Topical term or geographic name entry element Holistic medicine
9 (RLIN) 5076
650 ## - SUBJECT ADDED ENTRY--TOPICAL TERM
Topical term or geographic name entry element Social medicine
9 (RLIN) 5077
700 1# - ADDED ENTRY--PERSONAL NAME
Personal name Davis, Lorraine G.,
Dates associated with a name 1943-
9 (RLIN) 5078
700 1# - ADDED ENTRY--PERSONAL NAME
Personal name Hoover, Carolyn F.,
Dates associated with a name 1946-
9 (RLIN) 5079
942 ## - ADDED ENTRY ELEMENTS (KOHA)
Source of classification or shelving scheme
Koha item type Book
Holdings
Withdrawn status Lost status Source of classification or shelving scheme Damaged status Not for loan Collection code Home library Current library Shelving location Date acquired Inventory number Total Checkouts Full call number Barcode Date last seen Price effective from Koha item type
          NON-FICTION AKMAL Melaka AKMAL Melaka PINJAMAN 16.05.2017 601295   613 DON 201703061 16.05.2017 16.05.2017 Book
Pusat Sumber Maklumat Dato' Haji Sarmin Md Hussin, Akademi Kastam Diraja Malaysia, Melaka
Tel: 06-2331106 | Faks: 06-2313787